| 000 | 01312nam0a2200289 i 4500 | ||
|---|---|---|---|
| 001 | RU\NLR\bibl\876678 | ||
| 005 | 20240725232835.0 | ||
| 035 | _a(NLR Aleph) 000865269 | ||
| 090 |
_a1565231 _c1565231 |
||
| 100 | _a20051122d2005 |||y0rusy50 ca | ||
| 101 | 0 | _arus | |
| 102 | _aRU | ||
| 105 | _ay dm ||||| | ||
| 135 | _acrgn 008aaaba | ||
| 200 | 1 |
_aТерминологическая лексика сферы бокса и динамика ее развития _e(на материале рус. и англ. яз.) _eавтореф. дис. на соиск. учен. степ. к.филол.н. _eспец. 10.02.19 _fАпалько Ирина Юрьевна _g[Куб. гос. ун-т] |
|
| 210 |
_aКраснодар _d2005 |
||
| 215 |
_a19 с. _d21 |
||
| 320 | _aБиблиогр.: с. 19 (9 назв.) | ||
| 325 | _aКопия доступна в Электрон. б-ке РНБ | ||
| 686 |
_a10.02.19 _2oksvnk |
||
| 700 | 1 |
_aАпалько _bИЮ _gИрина Юрьевна _4070 |
|
| 801 | 0 |
_aRU _bNLR _c20051122 _grcr |
|
| 801 | 1 |
_aRU _bNLR _c20051122 |
|
| 942 | _cBOOK | ||
| 981 | 1 | 0 |
_a(10) Авторефераты _b(10) 10.00.00 Филологические науки _b10.02.00 Языкознание _b10.02.19 Теория языка |